The basics of English usage

Guardat en:
Dades bibliogràfiques
Autor principal: HICKS, Wynford
Format: Llibre
Idioma:anglès
Publicat: Routledge 2009
Etiquetes: Afegir etiqueta
Sense etiquetes, Sigues el primer a etiquetar aquest registre!

MARC

LEADER 00000nam a22000007a 4500
008 210621b ||||| |||| 00| 0 eng d
020 |a 9780415470230 
100 |a HICKS, Wynford 
245 |a The basics of English usage  |c Wynford Hicks  |g vi, 184p. 
260 |b Routledge  |c 2009  |h London  |i 644440  |l PE1112.H52  |m English language - Grammar  |m English language - Rhetoric  |m English language - Usage 
942 |a lcc  |c BK  |e ADEYEYE Y.S.   |f 21/06/2021 
952 |0 0  |1 0  |2 lcc  |4 0  |6 PE1112 H52  |7 0  |9 2669  |a HOL  |b HOL  |c LP  |d 2021-06-21  |l 0  |o PE1112.H52  |p 2021-6516  |r 2021-06-21 00:00:00  |w 2021-06-21  |y BK 
999 |c 1393  |d 1393